000 01378nam0a2200337 4500
001 RU\NLR\bibl\574813
005 20250610133836.0
010 _a5-7992-0130-2
_9500
021 _aRU
_b2004-60904
_92997
035 _a(NLR Aleph) 000566859
090 _a1567581
_c1567581
100 _a20041117d2001 |||y0rusy50 ca
101 0 _arus
102 _aRU
105 _ay |||||||||
200 1 _aИсторико-типологический анализ женских образов в фольклоре и литературе
_fД. С. Схаляхо
_gАдыг. респ. ин-т гуманит. исслед.
210 _aМайкоп
_cАдыгея
_d2001
215 _a155 с.
_d21
300 _aНа 4-й с. обл. авт.: Схаляхо Д. С. - к.филол.н.
320 _aБиблиогр.: с. 137-145 (166 назв.) и в подстроч. прим.
606 0 _aЖенщина
_xв фольклоре адыгейском
_92359696
_3RU\NLR\auth\661409191
606 0 _aЖенщина
_xв литературе адыгейской
_92359709
_3RU\NLR\auth\661409198
686 _aШ3(241=Адыг)-694
686 _aШ5(2=Адыг)-341
700 1 _aСхаляхо
_bД. С.
_gДарико Саферовна
_4070
801 0 _aRU
_bNLR
_c20041117
_gPSBO
801 1 _aRU
_bNLR
_c20041117
942 _cBOOK
980 _aNB